Southville International School and Colleges

Strange Stories from a Chinese Studio vol. II (of 2) (Record no. 272879)

000 -LEADER
fixed length control field 00632cam a22002173a 4500
001 - CONTROL NUMBER
control field 43628
003 - CONTROL NUMBER IDENTIFIER
control field PGUSA
005 - DATE AND TIME OF LATEST TRANSACTION
control field 20140828084007.0
008 - FIXED-LENGTH DATA ELEMENTS--GENERAL INFORMATION
fixed length control field 130903s2013||||xxu|||||s|||||000 | eng d
040 ## - CATALOGING SOURCE
Original cataloging agency PGUSA
Language of cataloging eng
042 ## - AUTHENTICATION CODE
Authentication code dc
100 1# - MAIN ENTRY--PERSONAL NAME
Personal name Pu, Songling,
Dates associated with a name 1640-1715
245 10 - TITLE STATEMENT
Title Strange Stories from a Chinese Studio vol. II (of 2)
Medium [electronic resource] /
Statement of responsibility, etc Songling Pu
260 ## - PUBLICATION, DISTRIBUTION, ETC. (IMPRINT)
Name of publisher, distributor, etc Project Gutenberg,
Date of publication, distribution, etc 2013
506 ## - RESTRICTIONS ON ACCESS NOTE
Terms governing access Public domain in the USA.
516 ## - TYPE OF COMPUTER FILE OR DATA NOTE
Type of computer file or data note Electronic text
700 1# - ADDED ENTRY--PERSONAL NAME
Personal name Giles, Herbert A.
830 #0 - SERIES ADDED ENTRY--UNIFORM TITLE
Uniform title Project Gutenberg
Volume number/sequential designation 43628
856 40 - ELECTRONIC LOCATION AND ACCESS
Uniform Resource Identifier http://www.gutenberg.org/ebooks/43628
942 ## - ADDED ENTRY ELEMENTS (KOHA)
Koha item type eBooks
Holdings
Date acquired Damaged status Date last seen Permanent Location Withdrawn status Price effective from Lost status Current Location Koha item type
2014-08-28 2014-08-28Project Gutenberg 2014-08-28 Project GutenbergeBooks
Powered by Koha